000 00415nam a2200145Ia 4500
008 231129s2014||||xx |||||||||||||| ||spa||
020 _a978-958-722-188-6
040 _bspa
082 _a808.882 S481r
100 _aSerna Arango Julián
245 0 _aReptiles de a pie
260 _c2014
264 _aPereira Colombia : Universidad Tecnológica de Pereira
942 _2ddc
_cBKS
999 _c23999
_d23999